Compass Directions and Degrees Quiz Stats

 Plays Quiz not verified by Sporcle

Challenge
Share
Tweet
Embed
Score 0/16 Timer 06:00
0 Plays Today
Degrees Direction % Correct
90east
93%
0 or 360north
90.7%
180south
89.5%
45north east
86%
22.5north north east
80.2%
270west
80.2%
67.5east north east
77.9%
135south east
76.7%
Degrees Direction % Correct
337.5 north north west
72.1%
315north west
61.6%
225south west
60.5%
112.5east south east
58.1%
202.5south south west
53.5%
157.5south south east
51.2%
292.5west north west
51.2%
247.5west south west
51.2%

You're not logged in!

Compare scores with friends on all Sporcle quizzes.
OR
Log In

You Might Also Like...

Show Comments

Extras

Top Quizzes Today


Score Distribution

Your Account Isn't Verified!

In order to create a playlist on Sporcle, you need to verify the email address you used during registration. Go to your Sporcle Settings to finish the process.

Report this User

Report this user for behavior that violates our Community Guidelines.

Details: